Sister cities of Tallinn with a map - Statistics

General Stats
  • This quiz has been taken 61 times
  • The average score is 9 of 15
Answers on the Map
Answers color-coded by a green-red scale on the quiz's map according to % correct below.
 
Answer Stats
City % Correct
Kiev
94%
Moscow
94%
Riga
91%
Vilnius
91%
Saint Petersburg
87%
Venice
74%
Malmö
66%
Kiel
55%
Ghent
53%
Groningen
43%
Annapolis
32%
Schwerin
26%
Carcasonne
23%
Kotka
23%
Dartford
11%
No matching quizzes found
Score Distribution
Percent of People with Each Score
Percentile by Number Answered
Your Score History
You have not taken this quiz